Introducción a la economía internacional / (Registro nro. 174961)

Detalles MARC
000 -LEADER
campo de control de longitud fija 00755nam a2200229 4500
001 - NÚMERO DE CONTROL
campo de control 174961
003 - IDENTIFICADOR DE NÚMERO DE CONTROL
campo de control ES-MaACL
005 - FECHA Y HORA DE LA ÚLTIMA TRANSACCIÓN
campo de control 20250809063537.0
008 - DATOS DE LONGITUD FIJA--INFORMACIÓN GENERAL
campo de control de longitud fija 100820s1985 sp |||| | spa d
020 ## - NÚMERO INTERNACIONAL ESTÁNDAR DEL LIBRO
Número Internacional Estándar del Libro 84-7530-910-0
080 ## - NÚMERO DE LA CLASIFICACIÓN DECIMAL UNIVERSAL
Número de la Clasificación Decimal Universal 339.9(100)
100 1# - ENTRADA PRINCIPAL--NOMBRE DE PERSONA
Nombre de persona Tamames, Ramón,
Fechas asociadas al nombre 1933-
9 (RLIN) 237391
245 10 - MENCIÓN DEL TÍTULO
Título Introducción a la economía internacional /
Mención de responsabilidad, etc. Ramón Tamames.
260 ## - PUBLICACIÓN, DISTRIBUCIÓN, ETC.
Lugar de publicación, distribución, etc. [Esplugues de Llobregat] :
Nombre del editor, distribuidor, etc. Orbis,
Fecha de publicación, distribución, etc. 1985.
300 ## - DESCRIPCIÓN FÍSICA
Extensión 237 p. ;
Dimensiones 20 cm.
490 1# - MENCIÓN DE SERIE
Mención de serie Biblioteca de política, economía y sociología ;
Designación de volumen o secuencia 2
500 ## - NOTA GENERAL
Nota general Índice.
650 07 - PUNTO DE ACCESO ADICIONAL DE MATERIA--TÉRMINO DE MATERIA
Término de materia o nombre geográfico como elemento de entrada Economía internacional.
9 (RLIN) 12028
830 0# - PUNTO DE ACCESO ADICIONAL DE SERIE-TÍTULO UNIFORME
Título uniforme Biblioteca de política, economía y sociología ;
Designación de volumen o secuencia 2
9 (RLIN) 189467
852 ## - LOCALIZACIÓN
Ubicación ES-MaACL
Número de control de estantería E-13158
Existencias
Estatus retirado Estado de pérdida Estado de daño No para préstamo Biblioteca de origen Biblioteca actual Ubicación en estantería Fecha de adquisición Fuente de adquisición Total de préstamos Signatura topográfica completa Código de barras Visto por última vez Precio de reemplazo Tipo de ítem Koha
        Biblioteca del Ateneo de Madrid Biblioteca del Ateneo de Madrid Depósito 2 20/08/2010     E-13158 1183702 23/02/2023 23/02/2023 Libro impreso